Landeshauptstädte Deutschlands nach Einwohner - Statistiken

Allgemein
  • Dieses Quiz wurde 96 mal gespielt
  • Das Durchschnittsergebnis liegt bei 12 aus 16
Antwortstatistiken
Einwohner Landeshauptstadt % Korrekt
3.685.265 Berlin
100%
1.862.565 Hamburg
99%
1.505.005 München
99%
618.685 Düsseldorf
96%
612.663 Stuttgart
93%
586.271 Bremen
82%
564.904 Dresden
78%
522.131 Hannover
77%
288.850 Wiesbaden
64%
224.850 Mainz
63%
98.308 Schwerin
63%
182.971 Saarbrücken
60%
252.668 Kiel
59%
244.329 Magdeburg
58%
218.793 Erfurt
51%
184.754 Potsdam
47%
Keine übereinstimmenden Quizze gefunden
Verteilung der Resultate
Anzahl Personen mit jedem Resultat
Perzentil nach korrekt beantworteten Fragen
Ihre Resultats-Entwicklung
Sie haben dieses Quiz noch nicht gespielt